GHAI ESSENTIAL PEDIATRICS (Record no. 8356)

MARC details
000 -LEADER
fixed length control field 00437nam a22001817a 4500
005 - DATE AND TIME OF LATEST TRANSACTION
control field 20230819151419.0
008 - FIXED-LENGTH DATA ELEMENTS--GENERAL INFORMATION
fixed length control field 230816b |||||||| |||| 00| 0 eng d
020 ## - INTERNATIONAL STANDARD BOOK NUMBER
ISBN 978-93-5466-507-3
041 ## - LANGUAGE CODE
Language code of text/sound track or separate title eng
082 ## - DEWEY DECIMAL CLASSIFICATION NUMBER
Classification number 618.92 ESS-P
100 ## - MAIN ENTRY--AUTHOR NAME
Personal name PAUL,VINOD K AND BAGGA, ARVIND
245 ## - TITLE STATEMENT
Title GHAI ESSENTIAL PEDIATRICS
250 ## - EDITION STATEMENT
Edition statement 10TH, ED.
260 ## - PUBLICATION, DISTRIBUTION, ETC. (IMPRINT)
Place of publication NEW DELHI
Name of publisher CBS
300 ## - PHYSICAL DESCRIPTION
Number of Pages 884;p
650 ## - SUBJECT ADDED ENTRY--TOPICAL TERM
Topical Term BPT
942 ## - ADDED ENTRY ELEMENTS (KOHA)
Koha item type Books
Holdings
Lost status Damaged status Collection code Home library Current library Shelving location Date acquired Source of acquisition Cost, normal purchase price Full call number Accession Number Koha item type
    PHYSIOTHERAPY JRU Library JRU Library SHELF-20-E 05/08/2023 PURCHASE 1395.00 618.92 27798 Books
    PHYSIOTHERAPY JRU Library JRU Library SHELF-20-E 05/08/2023 PURCHASE 1395.00 618.92 27799 Books
    PHYSIOTHERAPY JRU Library JRU Library SHELF-20-E 05/08/2023 PURCHASE 1395.00 618.92 27800 Books
    PHYSIOTHERAPY JRU Library JRU Library SHELF-20-E 05/08/2023 PURCHASE 1395.00 618.92 27801 Books
    PHYSIOTHERAPY JRU Library JRU Library SHELF-20-E 05/08/2023 PURCHASE 1395.00 618.92 27802 Books
    Reference JRU Library JRU Library SHELF-8-A 05/08/2023 PURCHASE 1395.00 618.92 27803 Books